[Event "Guernsey op 35th"]
[Site "Guernsey"]
[Date "2009.10.24"]
[Round "7"]
[White "De Kruif, Kees"]
[Black "Muller, Anton"]
[Result "1/2-1/2"]
[WhiteElo "2053"]
[BlackElo "1951"]
[PlyCount "41"]
[EventDate "2009.10.18"]
[EventType "swiss"]
[EventRounds "7"]
[EventCountry "GCI"]
[SourceTitle "EXT 2010"]
[Source "ChessBase"]
[SourceDate "2010.11.25"]
[SourceVersion "1"]
[SourceVersionDate "2010.11.25"]
[SourceQuality "1"]

1. b4 Nf6 2. Bb2 g6 3. e3 Bg7 4. Nf3 0-0 5. Be2 d6 6. 0-0 e5 7. d3 Nc6 8. b5 Ne7 9. c4 Bd7 10. Qc2 b6 11. Nbd2 Rc8 12. a4 c6 13. Rfd1 cxb5 14. axb5 Bxb5 15. Qb3 Bd7 16. Rxa7 Rb8 17. Ra2 b5 18. Qa3 Ra8 19. Qb3 Rb8 20. Qa3 Ra8 21. Qb3 1/2-1/2

[Event "Guernsey op 35th"]
[Site "Guernsey"]
[Date "2009.10.21"]
[Round "4"]
[White "Hamperl, Fred A"]
[Black "Muller, Anton"]
[Result "1-0"]
[WhiteElo "2046"]
[BlackElo "1951"]
[PlyCount "61"]
[EventDate "2009.10.18"]
[EventType "swiss"]
[EventRounds "7"]
[EventCountry "GCI"]
[SourceTitle "EXT 2010"]
[Source "ChessBase"]
[SourceDate "2010.11.25"]
[SourceVersion "1"]
[SourceVersionDate "2010.11.25"]
[SourceQuality "1"]

1. e4 c5 2. Nc3 Nc6 3. Bb5 g6 4. Bxc6 dxc6 5. d3 Bg7 6. f4 Nh6 7. Nf3 f6 8. 0-0 Nf7 9. b3 Bg4 10. Bb2 0-0 11. h3 Bxf3 12. Qxf3 e5 13. f5 Qd7 14. fxg6 hxg6 15. Ne2 Nh6 16. Qg3 Kh7 17. Rf3 Rac8 18. Raf1 Qd8 19. Qf2 Qe7 20. Bc1 g5 21. Ng3 Qd6 22. Nh5 Kg6 23. Ng3 b6 24. Ne2 Qd7 25. Qg3 Kh7 26. Qf2 g4 27. hxg4 Nxg4 28. Qh4+ Nh6 29. Rh3 Rh8 30. Bxh6 Kg8 31. Qg3 1-0

[Event "Guernsey op 35th"]
[Site "Guernsey"]
[Date "2009.10.20"]
[Round "3"]
[White "Paardekam, Rene"]
[Black "Muller, Anton"]
[Result "1/2-1/2"]
[WhiteElo "2072"]
[BlackElo "1951"]
[PlyCount "46"]
[EventDate "2009.10.18"]
[EventType "swiss"]
[EventRounds "7"]
[EventCountry "GCI"]
[SourceTitle "EXT 2010"]
[Source "ChessBase"]
[SourceDate "2010.11.25"]
[SourceVersion "1"]
[SourceVersionDate "2010.11.25"]
[SourceQuality "1"]

1. d4 Nf6 2. c4 g6 3. Nc3 d5 4. Bg5 Ne4 5. Bf4 Nxc3 6. bxc3 Bg7 7. Nf3 c5 8. e3 Nc6 9. cxd5 Qxd5 10. Qa4 0-0 11. Bc4 Qd8 12. 0-0 Bg4 13. Ne5 Nxe5 14. Bxe5 Bxe5 15. dxe5 Qd7 16. Qxd7 Bxd7 17. Rfd1 Bc6 18. Bd5 Rfd8 19. Bxc6 bxc6 20. Kf1 Kf8 21. Rxd8+ Rxd8 22. Ke2 Rb8 23. Rd1 Ke8 1/2-1/2

[Event "Guernsey op 35th"]
[Site "Guernsey"]
[Date "2009.10.19"]
[Round "2"]
[White "Muller, Anton"]
[Black "Purdon, Colin"]
[Result "1/2-1/2"]
[WhiteElo "1951"]
[BlackElo "2102"]
[PlyCount "66"]
[EventDate "2009.10.18"]
[EventType "swiss"]
[EventRounds "7"]
[EventCountry "GCI"]
[SourceTitle "EXT 2010"]
[Source "ChessBase"]
[SourceDate "2010.11.25"]
[SourceVersion "1"]
[SourceVersionDate "2010.11.25"]
[SourceQuality "1"]

1. e4 Nf6 2. e5 Nd5 3. d4 d6 4. exd6 cxd6 5. c4 Nb6 6. Nf3 g6 7. Nc3 Bg7 8. b3 Bg4 9. Be2 Nc6 10. Be3 0-0 11. 0-0 d5 12. c5 Nc8 13. Rc1 e6 14. Qd2 N8e7 15. Nh4 Bxe2 16. Nxe2 Bf6 17. Nf3 Nf5 18. Nc3 Bg7 19. Rfd1 h5 20. Ne2 Qa5 21. Qxa5 Nxa5 22. Bf4 Rfc8 23. Ne5 f6 24. Nd3 Nc6 25. Be3 e5 26. Ne1 Nxe3 27. fxe3 Bh6 28. Rc3 exd4 29. exd4 Re8 30. Kf2 Re4 31. Nc2 Rae8 32. Ng3 Rf4+ 33. Rf3 Rxf3+ 1/2-1/2

[Event "Guernsey op 35th"]
[Site "Guernsey"]
[Date "2009.10.18"]
[Round "1"]
[White "Heppell, Ian"]
[Black "Muller, Anton"]
[Result "1/2-1/2"]
[WhiteElo "2135"]
[BlackElo "1951"]
[PlyCount "43"]
[EventDate "2009.10.18"]
[EventType "swiss"]
[EventRounds "7"]
[EventCountry "GCI"]
[SourceTitle "EXT 2010"]
[Source "ChessBase"]
[SourceDate "2010.11.25"]
[SourceVersion "1"]
[SourceVersionDate "2010.11.25"]
[SourceQuality "1"]

1. e4 c5 2. Nf3 d6 3. Bb5+ Bd7 4. Bxd7+ Nxd7 5. 0-0 Ngf6 6. Re1 e6 7. c3 Be7 8. d4 cxd4 9. cxd4 d5 10. e5 Ne4 11. Nbd2 Nxd2 12. Bxd2 0-0 13. Qe2 Rc8 14. Rac1 Nb6 15. Ba5 Qd7 16. Bxb6 axb6 17. a3 h6 18. h3 Qa4 19. Qd3 b5 20. b3 Qxa3 21. Qxb5 Qb4 22. Qd7 1/2-1/2

[Event "BCF-chT4 0708 (4NCL)"]
[Site "England"]
[Date "2008.03.15"]
[Round "7.4"]
[White "Muller, Anton"]
[Black "Vaughan, David Owen"]
[Result "1/2-1/2"]
[WhiteElo "1875"]
[BlackElo "2050"]
[PlyCount "34"]
[EventDate "2007.09.15"]
[EventType "team-swiss"]
[EventRounds "11"]
[EventCountry "ENG"]
[SourceTitle "EXT 2009"]
[Source "ChessBase"]
[SourceDate "2008.11.26"]
[SourceVersion "1"]
[SourceVersionDate "2008.11.26"]
[SourceQuality "1"]
[WhiteTeam "Grendel's Mother"]
[BlackTeam "Wales Old Boys"]
[WhiteTeamCountry "ENG"]
[BlackTeamCountry "WLS"]

1. e4 e5 2. Nf3 Nf6 3. Nc3 Bb4 4. Nxe5 Qe7 5. Nf3 Bxc3 6. bxc3 Nxe4 7. Be2 0-0 8. 0-0 d6 9. Rb1 b6 10. Nd4 c5 11. Nb5 a6 12. Na3 b5 13. Bf3 d5 14. Re1 Qh4 15. Re2 Nd7 16. Qe1 Ndf6 17. d3 Ng5 1/2-1/2